Beiträge zur Synonymik und Poetik der allgemein als ächt anerkannten Dichtungen Cynewulf's ... (Record no. 23859)
[ view plain ]
| 000 -LEADER | |
|---|---|
| fixed length control field | 00693cam a22002291 4500 |
| 001 - CONTROL NUMBER | |
| control field | g 01001864 |
| 003 - CONTROL NUMBER IDENTIFIER | |
| control field | DLC |
| 005 - DATE AND TIME OF LATEST TRANSACTION | |
| control field | 20260227111256.0 |
| 008 - FIXED-LENGTH DATA ELEMENTS--GENERAL INFORMATION | |
| fixed length control field | 801028s1883 gw 000 0 ger |
| 010 ## - LIBRARY OF CONGRESS CONTROL NUMBER | |
| LC control number | g 01001864 |
| 035 ## - SYSTEM CONTROL NUMBER | |
| System control number | (OCoLC)6871765 |
| 040 ## - CATALOGING SOURCE | |
| Original cataloging agency | DLC |
| Transcribing agency | OCl |
| Modifying agency | DLC |
| 050 00 - LIBRARY OF CONGRESS CALL NUMBER | |
| Classification number | PR1668 |
| Item number | .J3 |
| 100 1# - MAIN ENTRY--PERSONAL NAME | |
| Personal name | Jansen, Gottfried, |
| Dates associated with a name | 1856- |
| 245 00 - TITLE STATEMENT | |
| Title | Beiträge zur Synonymik und Poetik der allgemein als ächt anerkannten Dichtungen Cynewulf's ... |
| 260 ## - PUBLICATION, DISTRIBUTION, ETC. | |
| Place of publication, distribution, etc. | Münster, |
| Name of publisher, distributor, etc. | E. C. Brunn, |
| Date of publication, distribution, etc. | 1883. |
| 300 ## - PHYSICAL DESCRIPTION | |
| Extent | 147 p. |
| Dimensions | 20 cm. |
| 502 ## - DISSERTATION NOTE | |
| Dissertation note | Inaug.-diss.--Münster. |
| 500 ## - GENERAL NOTE | |
| General note | Vita. |
| 600 00 - SUBJECT ADDED ENTRY--PERSONAL NAME | |
| Personal name | Cynewulf. |
| 650 #0 - SUBJECT ADDED ENTRY--TOPICAL TERM | |
| Topical term or geographic name entry element | English language |
| Chronological subdivision | Old English, ca. 450-1100 |
| General subdivision | Versification. |
No items available.